000 00401nam a2200145Ia 4500
003 LK-CoDNM
008 010623t1918 xxu||||| |||| 00| 1 eng d
040 _aLK-CoDNM
_dLK-CoDNM
_eLK-CoDNM
041 _aeng
080 _a50
_bC13
245 _aThe young Lanka : Devoted to History,Literature Politics Social reforme
260 _bFrewin Company
_aColombo
_c1918
300 _b22P., 23 cm
942 _cBK
999 _c89464
_d89464